Arte egipcio
Gespeichert in:
| Hauptverfasser: | , |
|---|---|
| Format: | Buch |
| Sprache: | Spanisch |
| Veröffentlicht: |
Colonia
Taschen
2007
|
| Schlagworte: | |
| Tags: |
Tag hinzufügen
Keine Tags, Fügen Sie den ersten Tag hinzu!
|
MARC
| LEADER | 00000nam a2200000 a 4500 | ||
|---|---|---|---|
| 001 | UCG7127 | ||
| 003 | CL-VaPUC | ||
| 008 | 110617e20070000GW |||||||||||||||||spa|d | ||
| 020 | |a 9783822854563 | ||
| 082 | 0 | 4 | |a 700 |b HAG |2 21 |
| 100 | |a Hagen, Rose-Marie |e author |9 557923 | ||
| 700 | |a Hagen, Rainer |e author |9 557924 | ||
| 245 | 1 | 0 | |a Arte egipcio |
| 300 | |a 95 p | ||
| 942 | |c BK | ||
| 945 | |d 20110617 00:00:00 |a dcastane | ||
| 260 | |a Colonia |b Taschen |c 2007 | ||
| 650 | 0 | |a Arte |9 265238 | |
| 650 | 0 | |a Arte egipcio |9 268997 | |
| 650 | 0 | |a Arquitectura egipcia |9 345073 | |
| 650 | 7 | |a ESCULTURA EGIPCIA |2 CL-VaPUC |9 330758 | |
| 583 | |a last modification |c 20110617 00:00:00 |k Rodrigo Vera | ||
| 999 | |c 345192 |d 345190 | ||
| 952 | |0 0 |1 0 |4 0 |6 700_000000000000000_HAG_2007 |7 0 |8 C |9 443661 |a BIBCUR |b BIBCUR |d 2019-11-22 |i 4785231 |o 700 HAG 2007 |p 4785231 |r 2025-04-22 |w 2019-11-22 |y BK |k CAC | ||